000 01060nam a2200265 a 4500
001 000017590
005 20200929165148.0
008 100329s1998 dr a 000 0 spa d
040 _aDO-SdBNP
_bspa
_cBNPHU
082 _a070.4
_bL864p
100 1 _aLópez Reyes, Oscar
_9750
245 1 3 _aEl periodismo en 6 dimensiones /
_cOscar López Reyes ; prólogo Juan Bolívar Díaz.
260 _aSanto Domingo :
_bEdiciones O&M,
_c1998.
_fPanamericana
300 _a271 p. :
_bil. ;
_c27 cm.
490 1 _aCiencias Sociales
500 _aIncluye datos biográficos del autor en la contracubierta.
504 _aBibliografía: p.269-271.
505 0 _gPrólogo --
_gIntroducción --
_tLa noticia --
_tLa entrevista --
_tLa crónica --
_tEl reportaje --
_tEl análisis --
_tLa opinión --
_gBibliografía.
590 _aInventariado,2018/DG
650 4 _aPeriodismo
_vENSEÑANZA
_926
650 4 _aPeriodismo
_xArte de escribir
_927
700 1 _aDíaz, Juan Bolívar,
_epról.
_938361
830 0 _aCiencias Sociales
_913247
910 _aValidado. Control de calidad EMS
999 _c17115
_d17115